000 00451nam a2200133 i 4500
001 bg
245 0 0 _aKonferencja Naukowa "Metody doświadczalne w budownictwie i eksploatacji maszyn roboczych" :
_bWrocław, Szklarska Poręba 1993.
_nT. 1.
246 _aMetody doświadczalne w budownictwie i eksploatacji maszyn roboczych
260 _aWrocław,
_c1993.
040 _cBPK
041 _apol
942 _cKS
008 s pl f |000 0 pol
999 _c30067
_d30067
856 _uhttp://koha.tu.koszalin.pl/cgi-bin/koha/opac-detail.pl?biblionumber=30067
_yKatalog online BPK